Hinduism : (Record no. 64293)

MARC details
000 -LEADER
fixed length control field 00415nam a22001457a 4500
005 - DATE AND TIME OF LATEST TRANSACTION
control field 20181129141531.0
020 ## - INTERNATIONAL STANDARD BOOK NUMBER
Terms of availability 00.00
035 ## - SYSTEM CONTROL NUMBER
System control number B-61015
037 ## - SOURCE OF ACQUISITION
Stock number DPL
Source of stock number/acquisition ENG
100 ## - MAIN ENTRY--PERSONAL NAME
Personal name Mukhyananda, Swami
245 ## - TITLE STATEMENT
Title Hinduism :
Remainder of title The eternal Dharma /
Statement of responsibility, etc by Swami Mukhyananda
260 ## - PUBLICATION, DISTRIBUTION, ETC. (IMPRINT)
Place of publication, distribution, etc Calcutta
Name of publisher, distributor, etc Centre for Reshaping our World-View
Date of publication, distribution, etc 2000
300 ## - PHYSICAL DESCRIPTION
Extent 182p.
Dimensions 18 cms.
942 ## - ADDED ENTRY ELEMENTS (KOHA)
Source of classification or shelving scheme Dewey Decimal Classification
Item type English Books
Classification part 220
Call number suffix MUK
Holdings
Withdrawn status Lost status Not for loan Collection code Home library Current library Date acquired Cost, normal purchase price Full call number Barcode Cost, replacement price Koha item type Source of acquisition
      Non-fiction Sarojini Nagar Sarojini Nagar 23/03/2012 0.00 220 MUK B-061013 0.00 English Books  
      Non-fiction Shahdara Branch Shahdara Branch 29/11/2018   220 MUK B-061015   English Books BPPD/PUB

© Delhi Public Library
Hit Counter
free hit counter